000 00837nam a22001577a 4500
003 OSt
005 20151204143100.0
008 151204b xxu||||| |||| 00| 0 eng d
040 _cRUA
082 _aFIS HIM 2003 B186 Or.1
100 _94282
_aHIM, BUNTHAY.
245 _aComparison of suprefact dose in small scales semi-artificial breeding of silver carp in tramkaok district takeo province, ប្រៀបទៀបបរិមាណអ័រម៉ូនស៊ុបព្រេហ្វិកទៅលើការបង្កាត់ត្រីកាបសពាក់កណ្ដាលសិប្បនិម្មិតជាលក្ខណៈគ្រួសារនៅស្រុកត្រាំកក់ ខេត្តតាកែវ
260 _aPhnom Penh
_bRUA
_c2003
300 _a34p.
_bill.
_c29cm.
942 _2ddc
_cFIS
999 _c3997
_d3997